Instituições internacionais (Registro nro. 305587)

Detalles MARC
000 -ENCABEZADO
Número de control [NR] 01361cam a2200301 a 4500
005 - FECHA Y HORA DE LA ÚLTIMA TRANSACCIÓN
control field 20170112075845.0
008 - DE LONGITUD FIJA DE DATOS DE ELEMENTOS - INFORMACIÓN GENERAL
Elementos de longitud fija [NR] 161206s2003 bl d fr 100 0 por d
010 ## - NUMERO DE CONTROL DE LA BIBLIOTECA DEL CONGRESO (LC) [NR]
Número de control LC [NR] 2005340815
020 ## - NUMERO INTERNACIONAL NORMALIZADO PARA LIBROS [R]
Número Internacional Normalizado del libro [NR] 8586480169
020 ## - NUMERO INTERNACIONAL NORMALIZADO PARA LIBROS [R]
Número Internacional Normalizado del libro [NR] 9798586480163
035 ## - NUMERO DE CONTROL DEL SISTEMA [R]
Número de control del sistema [NR] (OCoLC)ocm56158641
040 ## - FUENTE DE CATALOGACION [NR]
Agencia de catalogación original [NR] CO-BoUCM
Idioma de catalogación [NR] spa
Quien Cataloga Sandra Palacio
Quien Clasifica Sandra Palacio
041 0# - CODIGO DE IDIOMA [R]
Código de idioma para texto/pista de sonido o título separado [R] Portugués
245 00 - MENCION DE TITULO [NR]
Título [NR] Instituições internacionais
Parte restante del título [NR] comércio, segurança e integração
Mención de responsabilidad, etc. [NR] Paulo Luiz Esteves, org. ; [Alcides Costa Vaz ... y otros]
260 ## - PUBLICACION, DISTRIBUCION, ETC. (PIE DE IMPRENTA) [R]
Lugar de publicación, distribución, etc. [R] Bello Horizonte (Minas Gerais, Brasil)
Nombre del editor, distribuidor, etc. [R] Editora PUC Minas
Fecha de publicación, distribución, etc. [R] 2003
300 ## - DESCRIPCION FISICA [R]
Extensión [R] 401 páginas
Otros detalles físicos [NR] gráficas
490 0# - MENCION DE SERIE [R]
Mención de serie [R] Coleção Estudos em relações internacionais
500 ## - NOTA GENERAL [R]
Nota general [NR] Trabajos presentados en una conferencia realizada por el Departamento de Relaciones Internacionales, la PUC Minas, abril de 2002.
650 17 - ASIENTO SECUNDARIO DE MATERIA - TERMINO TEMATICO [R]
Término temático o nombre geográfico como elemento de entrada [NR] Relaciones internacionales
Subdivisión de forma [R] Congresos
9 (RLIN) 8042
650 27 - ASIENTO SECUNDARIO DE MATERIA - TERMINO TEMATICO [R]
Término temático o nombre geográfico como elemento de entrada [NR] Política internacional
Subdivisión de forma [R] Congresos
9 (RLIN) 21990
650 27 - ASIENTO SECUNDARIO DE MATERIA - TERMINO TEMATICO [R]
Término temático o nombre geográfico como elemento de entrada [NR] Integración económica internacional
Subdivisión de forma [R] Congresos
9 (RLIN) 17822
690 ## - ASUNTO AGREGADO LOCAL DE ENTRADA - TÉRMINO TEMÁTICO (OCLC, RLIN)
Acceso temático local Relaciones internacionales
9 (RLIN) 8042
700 1# - ASIENTO SECUNDARIO - NOMBRE PERSONAL [R]
Nombre personal [NR] Esteves, Paulo Luiz
9 (RLIN) 82604
700 1# - ASIENTO SECUNDARIO - NOMBRE PERSONAL [R]
Nombre personal [NR] Vaz, Alcides Costa
9 (RLIN) 82605
710 2# - ASIENTO SECUNDARIO - NOMBRE CORPORATIVO [R]
Nombre corporativo o de jurisdicción como elemento de entrada [NR] Pontifícia Universidade Católica de Minas Gerais
Unidad subordinada [R] Departamento de Relaciones Internacionales
9 (RLIN) 82606
942 ## - ELEMENTOS DE ENTRADA AGREGADOS (KOHA)
Sistema de clasificación DEWEY
Tipo de ítem principal el descrito en 300a Libro
Tema principal Ciencia política
Edición 1
Clasificación 327.981
Parte restante de la signatura top. I592in
Existencias
Signatura topográfica Código de barras Última vez visto Ejemplar Costo de reposición Price effective from Tipo de ítem Perdido Sistema de clasificación Dañado No prestable Tipo de ítem específico Suprimido Ubicación habitual Ubicación actual Localización Fecha de creación Proveedor Forma de adquisición Costo
327.981 I592in 100151754 06/06/2024 Ej.1 26000.00 25/11/2016 Libro   DEWEY     Libro   Bodega Bodega 3er piso 25/11/2016 12 Donación 0.00